A magyar nyelv ünneplőbe öltöztetése - egyetemes érdek

Bibliographic Details
Main Author: Cúth, János (Author)
Other Authors: Janiga, József, 1946-2004 (Illustrator)
Format: Article
Language:Hungarian
PhysicalDescription:Obr. 1
Subjects:

MARC

LEADER 00000nab a2200000 a 4500
001 vtls000545723
003 SK-MaSNL
005 20260318123851.0
008 160202c1995 xo 0 hun
015 |a SNBRB19rr/mm-uuuuu 
035 |a CL0545861 
040 |a SNKBUCL  |b slo  |c SNKBUCL  |e AACR2 
041 0 |a hun 
044 |a xo  |c SK 
080 |a 800.6:809.451.1  |2 1981 
080 |a 809.451.1-06  |2 1981 
100 1 |a Cúth, János  |4 aut  |9 948221 
245 1 0 |a A magyar nyelv ünneplőbe öltöztetése - egyetemes érdek  |c János Cúth ; Illusztr. József Janiga 
300 |b Obr. 1 
650 0 7 |a maďarčina  |2 snkbucl  |9 1492 
650 0 7 |a jazyková kultúra  |2 snkbucl  |9 1395 
650 0 7 |a slovná zásoba  |2 snkbucl  |9 66837 
650 0 7 |a cudzie slová  |2 snkbucl  |9 28704 
655 7 |a články z novín a časopisov  |2 snkbucl  |9 267496 
700 1 |a Janiga, József,  |d 1946-2004  |4 ill  |9 170562 
773 0 |t Keleti napló  |g Roč. 6, č. 2-3 (1995), s. 2-3 
850 |a Slovenská národná knižnica v Martine  |a DSG001 
852 |a SNK  |b KIS3GCP 
958 |a RK 
958 |a HU 
992 |a RBX 
999 |c 2273674  |d 2275604